000 00330nam a2200133Ia 4500
008 191014s9999 xx 000 0 und d
020 _aLC 63-19984
082 _a539.721
_bNIS
100 _aK. Nishijima
_920387
245 0 _aFundamental Particles
260 _aUSA
_bW.A.Benjamin Inc.
_c1963
300 _aXi,408
942 _cBK
999 _c530966
_d530966